INDIRA GANDHI:AN APOSTLE OF NATIONAL INTEGRATION (Record no. 25872)

MARC details
000 -LEADER
fixed length control field 00359nam a22001457a 4500
003 - CONTROL NUMBER IDENTIFIER
control field SGT
020 ## - INTERNATIONAL STANDARD BOOK NUMBER
International Standard Book Number 9780706927486
082 ## - DEWEY DECIMAL CLASSIFICATION NUMBER
Classification number 923.154
Item number I10P
100 ## - MAIN ENTRY--PERSONAL NAME
Personal name PANIGRAHI, D.N.
245 ## - TITLE STATEMENT
Title INDIRA GANDHI:AN APOSTLE OF NATIONAL INTEGRATION
260 ## - PUBLICATION, DISTRIBUTION, ETC. (IMPRINT)
Place of publication, distribution, etc INDIA
Name of publisher, distributor, etc VIKAS PUB. HOUSE
Year of Publication 2010
300 ## - PAGE DESCRIPTION
No. of Pages 144
650 ## - SUBJECT ADDED ENTRY--TOPICAL TERM
Topical term or geographic name as entry element PRIME MINISTER OF INDIA
942 ## - ADDED ENTRY ELEMENTS (KOHA)
Source of classification or shelving scheme Dewey Decimal Classification
Koha item type Books
Holdings
Withdrawn status Lost status Source of classification or shelving scheme Damaged status Not for loan Home library Current library Shelving location Date acquired Vendor Name SGTU Total Checkouts Full call number Accession No. (Barcode) Date last seen Bill Date Koha item type
    Dewey Decimal Classification   Not For Loan SGT Chancellor's Library SGT Chancellor's Library Reference Book 15/04/2024 SGT CHANCELLOR'S COLLECTION SGTU   923.154 I10P CH30 15/04/2024 15/04/2024 Books